00464nam a2200121Ia 4500008004100000020001800041050002400059100002100083245008300104260004900187300009900236521000700335140609s9999 xx 000 0 und d a9781859646762 aPE 1301b.P558 2011 aPhillips, Terry. aProgressive skills in english :bcourse book /cTerry Phillips, Anna Phillips, aUnited Kingdom :bGarnet Publishing,cc2011. a213 p. :bcol. Ill. ;c28 cm.e+ 1 DVD-ROM (4 3/4 in) and 2 sounds discs (digital ; 4 3/4 in). aGE